LEADER 01001nam a2200265 u 4500 001 000000025955 003 CaOOAMICUS 005 20070226111525.0 008 950818s1978 it ab u000 u ita u 035 $a10667455 040 $aPUL(R)$bita 100 1 $aTurchini, Angelo.$0(OLS)http://pul/name/12276 245 10$aClero e fedeli a Rimini in età post-Tridentina /$cAngelo Turchini. 260 $aRoma :$bHerder,$c1978. 300 $axiv, 210 p. :$bill., cartes, tabl. ;$c24 cm 490 1 $aItalia sacra ;$v27 500 $aInclude indici. 504 $aNote bibliografiche. 830 0$aItalia sacra ;$v27.$0(OLS)http://pul/title/344 850 $aPUL 852 $aPUL$W1$xSL Filosofia 1$y2$m99 G 27$j36276$nBK-PRI$b $qStampati$B36276$CPULBib$Z2$F36276 $H $81 941 1 $a8 961 $aINV: 45528 996 $6245$aClero e fedeli a Rimini in età post-Tridentina$9(OLS)http://pul/title/35720 996 $6260$aRoma :$bHerder$9(OLS)http://pul/publisher/47913 LEADER 01308nam a2200289 a 4500 001 000000143523 003 CaOOAMICUS 005 20150525095628.0 008 150525s2005 it u000 u ita r 020 $z8838485054* 040 $aPUL$bita 100 1 $aRoccella, Eugenia.$0(OLS)http://pul/name/81907 245 10$aContro il cristianesimo :$bl'ONU e l'Unione europea come nuova ideologia /$cEugenia Roccella, Lucetta Scaraffia ; appendici a cura di Assuntina Morresi. 260 $aCasale Monferrato :$bPiemme,$c©2005. 300 $a210 p. ;$c21 cm 650 4$aDiritti umani.$0(OLS)http://pul/subject/3219 650 4$aOrganizzazioni internazionali.$0(OLS)http://pul/subject/7412 700 1 $aScaraffia, Lucetta,$d1948-$0(OLS)http://pul/name/13910 700 1 $aMorresi, Assuntina.$0(OLS)http://pul/name/92238 850 $aPUL 852 $aPUL$W1$xDP1 Fondo S. Lanza$y121$m1 A 5$j115290$qFondi$B165933$CPULBib$Z2$F165933 $HLan107 $82 941 1 $a1 960 $aDiritti dell'uomo$93219 996 $6020$z8838485054*$9(OLS)http://pul/number/157614 996 $6245$aContro il cristianesimo :$bl'ONU e l'Unione europea come nuova ideologia$9(OLS)http://pul/title/181601 996 $6260$aCasale Monferrato :$bPiemme$9(OLS)http://pul/publisher/51813